[Event "Zagreb Peace"]
[Site "Zagreb"]
[Date "2019.11.19"]
[Round "1"]
[White "Kozul, Zdenko"]
[Black "Bosiocic, Marin"]
[Result "1-0"]
[WhiteElo "2593"]
[BlackElo "2598"]
[PlyCount "47"]
[EventDate "2019.11.19"]
[EventType "tourn"]
[EventRounds "11"]
[EventCountry "CRO"]
[EventCategory "16"]
[SourceTitle "CBM 193 Extra"]
[Source "ChessBase"]
[SourceDate "2020.01.31"]
[SourceVersion "1"]
[SourceVersionDate "2020.01.31"]
[SourceQuality "1"]

1. Nf3 d5 2. c4 d4 3. b4 Bg4 4. g3 Bxf3 5. exf3 e5 ({RR} 5... e6 6. Qb3 a5 7. b5 Nd7 8. Bg2 Nc5 9. Qc2 h5 10. d3 h4 11. f4 Nh6 12. Nd2 a4 13. Ba3 Ra7 14. Rb1 Be7 15. Ne4 Nxe4 16. Bxe7 Qxe7 17. Bxe4 O-O 18. b6 cxb6 19. Rxb6 Ng4 20. O-O {Caruana,F (2807)-Anand,V (2783) Saint Louis 2017 ½-½ (40)}) 6. Bg2 ({RR} 6. b5 Nf6 7. Bg2 Nbd7 8. O-O Bd6 9. d3 O-O 10. f4 exf4 11. Bxb7 Rb8 12. Bg2 Re8 13. a4 h5 14. Nd2 h4 15. gxh4 Ne5 16. Nf3 Ng6 17. Bh3 Nh7 18. h5 Nh4 19. Nxh4 Qxh4 20. Qg4 Qf6 {Mekhitarian,K (2564)-Tregubov,P (2555) chess.com INT 2025 1-0 (37)}) 6... Bxb4 7. Qa4+ $146 ({RR} 7. f4 Nd7 8. fxe5 Ne7 9. O-O O-O 10. Qe2 d3 11. Qxd3 Nxe5 12. Qb3 N7c6 13. Bb2 a5 14. a3 a4 15. Qc2 Bc5 16. Bxe5 Nxe5 17. Nc3 c6 18. Nxa4 Bd4 19. Rab1 f5 20. c5 Kh8 21. Nc3 f4 {Aaditya,D (2448)-Maghsoodloo,P (2703) Doha QAT 2024 0-1 (34)}) ({RR} 7. f4 Nc6 8. fxe5 Nge7 9. O-O O-O 10. f4 d3 11. Bb2 Nd4 12. Nc3 Bxc3 13. Bxc3 Ne2+ 14. Kh1 Nf5 15. Rf3 Qd7 16. Bb2 Rad8 17. Qb3 Ned4 18. Qd1 Nxf3 19. Qxf3 c6 20. Bc3 Qe6 21. Qe4 h5 {Harsha,B (2567)-Xiong,J (2645) chess.com INT 2024 0-1 (35)}) 7... Nc6 8. f4 e4 9. Bxe4 Qe7 10. Kd1 Kf8 11. Bxc6 bxc6 12. Re1 Qd6 13. a3 Bc5 14. d3 Nf6 15. Nd2 Re8 16. Rxe8+ Kxe8 17. Nb3 Ng4 18. Ra2 Bb6 19. f5 Ne5 20. Bf4 Kd7 21. c5 Bxc5 22. Qa5 Qd5 23. Nxc5+ Kc8 24. Bxe5 1-0

[Event "Bundesliga 1920"]
[Site "Germany"]
[Date "2019.11.24"]
[Round "2.1"]
[White "Svane, Rasmus"]
[Black "Bogner, Sebastian"]
[Result "1-0"]
[WhiteElo "2594"]
[BlackElo "2572"]
[PlyCount "67"]
[EventDate "2019.11.23"]
[EventType "team-tourn"]
[EventRounds "15"]
[EventCountry "GER"]
[SourceTitle "CBM 193 Extra"]
[Source "ChessBase"]
[SourceDate "2020.01.31"]
[SourceVersion "1"]
[SourceVersionDate "2020.01.31"]
[SourceQuality "1"]
[WhiteTeam "Hamburger SK"]
[BlackTeam "Bayern Muenchen"]
[WhiteTeamCountry "GER"]
[BlackTeamCountry "GER"]

1. Nf3 d5 2. g3 Nf6 3. Bg2 g6 4. c4 dxc4 5. Qa4+ Nfd7 6. Qxc4 ({RR} 6. h4 Nc6 7. Qxc4 Bg7 8. Nc3 Nb6 9. Qb3 h6 10. d3 O-O 11. O-O e5 12. Ne4 a5 13. Bd2 Bg4 14. Qd1 Nd5 15. Rc1 Nd4 16. Nxd4 exd4 17. Qb3 c6 18. Qxb7 Bxe2 19. Rfe1 Bxd3 20. Nc5 Rb8 {Keymer,V (2738)-Ding Liren (2762) Karlsruhe GER 2024 1-0 (31)}) 6... Bg7 7. Qc2 $146 ({RR} 7. Nc3 O-O 8. d3 Nb6 9. Qh4 e5 10. Qxd8 Rxd8 11. O-O c6 12. Rd1 Na6 13. Rb1 Nb4 14. Bg5 f6 15. Bd2 a5 16. a3 N4d5 17. Ne4 Nc7 18. Rdc1 Nbd5 19. Nc5 Ne6 20. Nb3 a4 21. Na5 g5 {Andersen,M (2605)-Andre,G (2381) Helsingor 2019 1-0 (34)}) ({RR} 7. O-O Nc6 8. d4 Nb6 9. Qc2 O-O 10. Rd1 Bf5 11. Qd2 Qc8 12. Nc3 Rd8 13. Qf4 h6 14. h4 a5 15. a3 Bc2 16. Rd2 Bb3 17. Rd3 Bc4 18. Rd1 Nxd4 19. Rxd4 Rxd4 20. Nxd4 e5 21. Nf5 Qxf5 {Mamedyarov,S (2770)-Aronian,L (2781) chess24.com INT 2021 0-1 (32)}) ({RR} 7. O-O O-O 8. Rd1 Nc6 9. d4 Nb6 10. Qc2 Be6 11. Nc3 Nb4 12. Qb1 N4d5 13. Ne4 Bf5 14. Nh4 Bg4 15. Qc2 c6 16. h3 Bc8 17. Nc5 Nd7 18. e4 N5f6 19. Nd3 Qa5 20. Be3 Nb6 21. b3 Rd8 {Svane,R (2615)-Amburgy,R (2221) Chess.com INT 2022 1-0 (44)}) ({RR} 7. Nc3 Nb6 8. Qh4 h6 9. d4 Nc6 10. O-O Bf5 11. g4 Bd7 12. Rd1 e5 13. Qg3 exd4 14. Nb5 O-O 15. Nxc7 Rc8 16. Nb5 a6 17. Nbxd4 Nxd4 18. Nxd4 Ba4 19. b3 Bxd4 20. Bxh6 Qf6 21. g5 Qh8 {Firouzja,A (2749)-Aronian,L (2781) chess24.com INT 2020 1-0}) 7... Nc6 8. d3 Nb6 9. Nc3 O-O 10. Be3 e5 11. h4 h6 12. Qc1 Kh7 13. Bc5 Re8 14. Nd2 Nd4 15. h5 g5 16. e3 Ne6 17. Ba3 g4 18. Qc2 f5 19. O-O-O Kh8 20. f4 exf4 21. gxf4 Rb8 22. Nc4 Nf8 23. Ne5 Rxe5 24. fxe5 Bxe5 25. Ne2 Bg7 26. Nf4 Kh7 27. d4 Bd7 28. Kb1 c6 29. e4 Qg5 30. Rhf1 Re8 31. e5 Ne6 32. Ne2 Qxh5 33. Rxf5 Qg6 34. Be4 1-0

[Event "Bundesliga 1920"]
[Site "Germany"]
[Date "2019.12.08"]
[Round "4.8"]
[White "Almasi, Zoltan"]
[Black "Huschenbeth, Niclas"]
[Result "1-0"]
[WhiteElo "2687"]
[BlackElo "2628"]
[PlyCount "119"]
[EventDate "2019.11.23"]
[EventType "team-tourn"]
[EventRounds "15"]
[EventCountry "GER"]
[SourceTitle "CBM 193 Extra"]
[Source "ChessBase"]
[SourceDate "2020.01.31"]
[SourceVersion "1"]
[SourceVersionDate "2020.01.31"]
[SourceQuality "1"]
[WhiteTeam "Dresden TU"]
[BlackTeam "Bayern Muenchen"]
[WhiteTeamCountry "GER"]
[BlackTeamCountry "GER"]

1. Nf3 d5 2. b3 Nf6 3. Bb2 c5 4. e3 e6 5. Bb5+ Bd7 6. Be2 Nc6 7. O-O Bd6 8. c4 ({RR} 8. d4 O-O 9. Nbd2 Qe7 10. dxc5 Bxc5 11. c4 Ba3 12. Qc1 Bxb2 13. Qxb2 Rfd8 14. a3 e5 15. cxd5 Nxd5 16. Ne4 Bf5 17. Nfd2 Nf6 18. Bf3 Nxe4 19. Nxe4 Be6 20. b4 f5 21. Nc5 e4 22. Nxe6 Qxe6 {Artemiev,V (2731)-So,W (2760) Bucharest 2019 ½-½ (43)}) 8... O-O 9. cxd5 Nxd5 10. a3 $146 ({RR} 10. Nc3 Nxc3 11. Bxc3 e5 12. Qc2 f5 13. Bc4+ Kh8 14. Qd3 Bc7 15. Ng5 Qe7 16. Qd5 Nd8 17. f4 e4 18. d4 Bc6 19. Qxc5 Bd6 20. Qa5 b6 21. Qa6 h6 22. Nh3 Bb7 23. Qa4 a6 24. Be2 Bc6 {Ojas,K (2256)-Schouten,J (2073) Vlissingen 2018 0-1}) ({RR} 10. Na3 a6 11. Nc4 Be7 12. Rc1 Rc8 13. d4 cxd4 14. Nxd4 Bf6 15. Bf3 Nxd4 16. Bxd4 Bc6 17. e4 Bxd4 18. Qxd4 Ne7 19. Qe3 Ng6 20. Rfd1 Qe7 21. Bh5 e5 22. g3 Rfd8 23. h4 Nf8 24. Bg4 Rb8 {Lazavik,D (2572)-Popov,K (2376) Moscow RUS 2025 1-0 (43)}) 10... e5 11. d3 f5 12. Nbd2 Qe7 13. Re1 Kh8 14. Qc2 Rac8 15. Bf1 b5 16. Qb1 Nb6 17. d4 e4 18. dxc5 Bxc5 19. b4 exf3 20. bxc5 fxg2 21. Bxb5 Qxc5 22. a4 Rfd8 23. Nf3 Qd5 24. e4 fxe4 25. Qxe4 Qxe4 26. Rxe4 Re8 27. Rh4 Bf5 28. Rf4 Bg6 29. Rc1 Re4 30. Rxe4 Bxe4 31. Nh4 Na5 32. Re1 Nac4 33. Bxg7+ Kxg7 34. Rxe4 Kf6 35. Nf3 Nd6 36. Rf4+ Ke6 37. Rh4 Nd5 38. Nd4+ Ke5 39. Nc6+ Ke6 40. Nd4+ Ke5 41. Nc6+ Ke6 42. Nxa7 Rc7 43. Nc6 Nxb5 44. axb5 Rg7 45. Rh6+ Kd7 46. Ne5+ Kc7 47. Nd3 Rg4 48. h3 Rg7 49. Rc6+ Kb8 50. Rc5 Nc7 51. Re5 Ka7 52. Nb2 Rg6 53. Nc4 Ne6 54. Re4 Kb8 55. Ne5 Rh6 56. Kxg2 Ng5 57. Re3 Kc7 58. Nc4 Rh4 59. b6+ Kc6 60. Re7 1-0

[Event "Bundesliga 1920"]
[Site "Germany"]
[Date "2019.12.08"]
[Round "4.3"]
[White "Keymer, Vincent"]
[Black "Smeets, Jan"]
[Result "1-0"]
[WhiteElo "2518"]
[BlackElo "2596"]
[PlyCount "119"]
[EventDate "2019.11.23"]
[EventType "team-tourn"]
[EventRounds "15"]
[EventCountry "GER"]
[SourceTitle "CBM 193 Extra"]
[Source "ChessBase"]
[SourceDate "2020.01.31"]
[SourceVersion "1"]
[SourceVersionDate "2020.01.31"]
[SourceQuality "1"]
[WhiteTeam "Deizisau"]
[BlackTeam "Solingen"]
[WhiteTeamCountry "GER"]
[BlackTeamCountry "GER"]

1. Nf3 d5 2. e3 c5 3. b3 Nc6 4. Bb5 Bd7 5. O-O a6 6. Bxc6 Bxc6 7. Ne5 Qc7 8. Bb2 e6 ({RR} 8... Nf6 9. d3 e6 10. Nd2 Bd6 11. f4 O-O 12. Qe2 Nd7 13. Nxc6 Qxc6 14. e4 d4 15. Rf3 Rfe8 16. Raf1 f5 17. Rh3 g6 18. Bc1 Bf8 19. Nf3 Nf6 20. Ne5 Qc7 21. g4 fxg4 22. Nxg4 Nxg4 23. Qxg4 {Bogdanov,A (2309)-Barwinska,E (1992) chess.com INT 2024 0-1 (58)}) 9. d3 Ne7 $146 ({RR} 9... Nf6 10. Nd2 Nd7 11. f4 Nxe5 12. Bxe5 Qd7 13. Nf3 f6 14. Bb2 Bd6 15. Qe2 O-O-O 16. d4 {½-½ (16) Dezelin,M (1980)-Zvezdakoski,M (1785) Paracin 2019}) ({RR} 9... Nf6 10. Nd2 Bd6 11. f4 b5 12. Nxc6 Qxc6 13. Qf3 Be7 14. Qh3 O-O 15. Nf3 Nd7 16. Rae1 Bf6 17. Bxf6 Nxf6 18. Ne5 Qc7 19. Qh4 Rac8 20. Rf3 Nd7 21. Rh3 h6 22. Ng4 f6 23. Qh5 Rf7 24. Qg6 {Kramnik,V (2809)-Deac,B (2572) Medias 2016 0-1 (40)}) 10. Nd2 f6 11. Nxc6 Nxc6 12. c4 Rd8 13. cxd5 Rxd5 14. Ne4 Qd8 15. f4 h5 16. Qf3 Rxd3 17. f5 Qd5 18. fxe6 Qxe6 19. Rad1 Rxd1 20. Rxd1 Be7 21. Rd5 Qg4 22. a3 Qxf3 23. gxf3 b6 24. Bc3 Rh6 25. Kf2 h4 26. f4 h3 27. Kf3 Rg6 28. Ng3 c4 29. bxc4 Bxa3 30. Rh5 Bb4 31. Ba1 Na5 32. Rh8+ Kd7 33. Ra8 Kc6 34. Ne4 Rg2 35. c5 bxc5 36. Rxa6+ Kb5 37. Ra7 Nc4 38. f5 Nd2+ 39. Nxd2 Bxd2 40. Rb7+ Kc4 41. Rb1 Rxh2 42. e4 Rg2 43. e5 Rg5 44. e6 Rh5 45. Rh1 Rh8 46. Rh2 Kb5 47. Kg4 c4 48. Rxh3 Rxh3 49. Kxh3 Kc6 50. Kg4 c3 51. Kh5 c2 52. Bb2 c1=Q 53. Bxc1 Bxc1 54. Kg6 Ba3 55. Kxg7 Kc7 56. Kxf6 Kd8 57. Kf7 Be7 58. f6 Bxf6 59. Kxf6 Ke8 60. e7 1-0

[Event "Bundesliga 1920"]
[Site "Germany"]
[Date "2020.02.23"]
[Round "8.5"]
[White "Vallejo Pons, Francisco"]
[Black "Edouard, Romain"]
[Result "1-0"]
[WhiteElo "2694"]
[BlackElo "2635"]
[Annotator "Edouard,Romain"]
[PlyCount "55"]
[EventDate "2019.11.23"]
[EventType "team-tourn"]
[EventRounds "15"]
[EventCountry "GER"]
[SourceTitle "CBM 195 Extra"]
[Source "ChessBase"]
[SourceDate "2020.05.31"]
[SourceVersion "1"]
[SourceVersionDate "2020.05.31"]
[SourceQuality "1"]
[WhiteTeam "Baden-Baden"]
[BlackTeam "Werder Bremen"]
[WhiteTeamCountry "GER"]
[BlackTeamCountry "GER"]

1. Nf3 c5 2. b3 Nc6 3. Bb2 d6 $5 {Just a move amongst others. Black wants to play ...e5.} 4. d4 ({Usually top players prefer to try} 4. e3 {which leads to complicated positions:} e5 5. d4 (5. Bb5 Bd7 6. O-O Nf6 7. d4 cxd4 8. exd4 e4 9. d5 exf3 10. dxc6 bxc6 11. Re1+ Be7 12. Bxf6 gxf6 13. Bd3 fxg2 $13 {1-0 (38) Nakamura,H (2745)-Nepomniachtchi,I (2776) Internet 2020}) 5... cxd4 6. exd4 e4 7. Nfd2 d5 8. Be2 (8. c4 Nf6 9. cxd5 Qxd5 10. Nc3 Qxd4 11. Be2 Bb4 12. Rc1 e3 13. fxe3 Qxe3 14. Nc4 Qe7 15. O-O O-O $17 {0-1 (60) Dubov,D (2703)-Ponkratov,P (2628) Sochi 2018}) 8... f5 (8... Qg5 $5) 9. O-O Nf6 10. c4 Bd6 11. Nc3 Nxd4 $6 (11... O-O $5 12. Nxd5 Nxd5 13. cxd5 Ne7 14. Nc4 Nxd5 15. Nxd6 Qxd6 16. a4 Qg6 $132) 12. Nxd5 Nxd5 13. cxd5 Nxe2+ 14. Qxe2 O-O 15. Nc4 $14 {1-0 (47) Shariyazdanov,A (2526)-Ponkratov,P (2628) Sochi 2018}) 4... cxd4 5. Nxd4 e5 ({There was nothing wrong with the simple} 5... Nf6) 6. Nxc6 bxc6 7. g3 Be6 {The start of an over-ambitious plan.} (7... Nf6 8. Bg2 Qc7 9. c4 Bf5 $1 {(preventing Qc2 or Qd3)} 10. O-O Be7 11. Nc3 O-O 12. e4 Be6 {should be about equal.}) 8. Bg2 Rc8 9. c4 f5 $6 {There was no reason to play such a risky move.} (9... Nf6 10. O-O Be7 11. c5 d5 12. Bxe5 Bxc5 $11) ({RR} 9... h5 10. Nd2 Nf6 11. Qc2 Nd7 12. O-O-O d5 13. f4 e4 14. Nxe4 dxe4 15. Bxe4 Qb6 16. f5 Qe3+ 17. Kb1 Nc5 18. Rd4 Bd7 19. Rhd1 Be7 20. b4 Rb8 21. bxc5 Bf6 22. Qd3 Qxd3+ 23. R1xd3 O-O 24. Rb3 {Kosakowski,J (2486)-Alexakis,D (2451) Piraeus GRE 2024 ½-½ (42)}) 10. O-O Nf6 11. c5 $146 (11. Nd2 $1 Be7 (11... e4 12. c5 d5 13. b4 Be7 14. Nb3 $14) 12. c5 d5 13. Bxe5 Bxc5 14. Nf3 {and with the f7-pawn now on f5, White may have a very slight plus.}) ({RR} 11. Nd2 e4 12. e3 d5 13. Rc1 Bd6 14. cxd5 cxd5 15. Rxc8 Bxc8 16. Nb1 Ba6 17. Re1 Be7 18. Bh3 g6 19. Nc3 O-O 20. Qd4 Qd7 21. Rd1 Rd8 22. Na4 Bb5 23. Nc3 Bc6 24. Bf1 Ba8 25. Bb5 Qb7 {Antonova,N (1842)-Mikhalsky,V (2269) Chess.com INT 2022 1-0 (46)}) 11... e4 $6 (11... d5 12. Bxe5 Bxc5 {was just fine. Black didn't have to lose a tempo playing ...Be7 and then ...Bxc5.}) 12. cxd6 (12. Nd2 $5 {was possibly stronger:} d5 (12... dxc5 13. Qc2 $44) 13. b4 $14) 12... Bxd6 13. Bxf6 $6 {The natural move, but perhaps not the best.} (13. Nd2 $5) 13... gxf6 14. Nc3 (14. Nd2 h5 $1 $13) 14... c5 $6 (14... Be5 $5 15. Qc2 Kf7 {and I don't even think Black is worse.}) (14... h5 $5) 15. Rc1 O-O 16. Bh3 Qd7 17. Nd5 (17. e3 {with ideas of Ne2 or Nb5 worried me a bit. Black can simplify the position with} c4 {but I'm always I'll always end up a little worse due to my weakness on f5.}) 17... f4 $4 {Totally blundering my opponent's next move! Morning game!} (17... Rcd8 {was a forced draw:} 18. Ne3 (18. Nf4 Bxf4 19. Qxd7 Rxd7 20. gxf4 Rd2 $11) 18... f4 (18... Qe8 $5) 19. Bxe6+ ({we both missed} 19. Nf5 $5 {but after} e3 $1 $132 {te postion is definitely unclear.}) 19... Qxe6 20. Qd5 Qxd5 21. Nxd5 fxg3 22. fxg3 Be5 $1 23. Ne7+ Kf7 24. Nc6 Bd4+ $1 25. Nxd4 (25. Kg2 Rd6 $11) 25... cxd4 26. Rc7+ Ke6 27. Rxa7 Ra8 $44) 18. Nxf4 {It's game over already...} Bxh3 (18... Bxf4 19. Qxd7 Bxd7 20. Bxd7 Bxc1 21. Bxc8 $18) 19. Nxh3 Qe6 20. Kg2 e3 21. fxe3 Rfd8 22. Qc2 c4 23. bxc4 Ba3 24. Rcd1 Re8 (24... Rxd1 25. Rxd1 Qxc4 26. Rd8+ $1 $18) 25. Nf4 Qxc4 26. Qxc4+ Rxc4 27. Nd5 Bb2 28. Rd2 1-0

[Event "Bundesliga 1920"]
[Site "Germany"]
[Date "2021.10.15"]
[Round "12.3"]
[White "Amin, Bassem"]
[Black "Andersen, Mads"]
[Result "1-0"]
[WhiteElo "2685"]
[BlackElo "2601"]
[PlyCount "113"]
[EventDate "2019.11.23"]
[EventType "team-tourn"]
[EventRounds "15"]
[EventCountry "GER"]
[SourceTitle "EXT 2022"]
[Source "ChessBase"]
[SourceDate "2021.10.06"]
[SourceVersion "1"]
[SourceVersionDate "2021.10.06"]
[SourceQuality "1"]
[WhiteTeam "Viernheim"]
[BlackTeam "Solingen"]
[WhiteTeamCountry "GER"]
[BlackTeamCountry "GER"]

1. Nf3 d5 2. g3 g6 3. Bg2 Bg7 4. O-O e5 5. d3 Nc6 6. Nc3 d4 7. Ne4 Nge7 8. c3 h6 ({RR} 8... O-O 9. cxd4 exd4 10. Bd2 a5 11. Qc1 b6 12. Bg5 f6 13. Bh6 Be6 14. a3 a4 15. Bxg7 Kxg7 16. Qc2 Bb3 17. Qc1 Na5 18. h4 Bd5 19. Qc2 c5 20. e3 Nb3 21. Rad1 Nc6 22. Ned2 Qd7 23. e4 {Karjakin,S (2773)-Nakamura,H (2792) Saint Louis 2017 ½-½ (44)}) 9. cxd4 exd4 10. Qa4 Nd5 $146 ({RR} 10... O-O 11. b4 b6 12. b5 Na5 13. Bb2 a6 14. bxa6 Rxa6 15. Qc2 c5 16. e3 Nac6 17. exd4 cxd4 18. a4 Be6 19. Ba3 Qd7 20. Rfb1 Rfa8 21. Bc1 Nd5 22. a5 f5 23. Ned2 Ncb4 24. Qb3 bxa5 25. Nc4 {Rapport,R (2763)-Shankland,S (2709) Saint Louis 2021 ½-½ (60)}) 11. Bd2 a5 12. Rfc1 O-O 13. Rxc6 bxc6 14. Qxc6 Ra6 15. Qc4 Nb6 16. Qc1 Kh7 17. Bf4 Qe7 18. Qxc7 Qxc7 19. Bxc7 Nd7 20. Rc1 Bb7 21. Nd6 Ba8 22. Nb5 Rc8 23. Nfxd4 Bxg2 24. Kxg2 Be5 25. Rc4 Bxc7 26. Nxc7 Rb6 27. Ncb5 Rc5 28. a4 Rxc4 29. dxc4 Nc5 30. b3 Rb7 31. f3 f5 32. Kf2 Rd7 33. Ke3 Kg7 34. h3 Kf6 35. g4 fxg4 36. fxg4 Kg5 37. Nf3+ Kf6 38. Nbd4 Rb7 39. Nd2 Re7+ 40. Kf4 g5+ 41. Kf3 Rf7 42. e4 Rb7 43. Ke3 Rb6 44. Nb5 Ke5 45. Nf3+ Ke6 46. Nbd4+ Ke7 47. e5 Nxb3 48. Ke4 Nc5+ 49. Kd5 Nxa4 50. c5 Rb1 51. Nf5+ Kd8 52. e6 Rc1 53. Kd6 Rd1+ 54. N3d4 Re1 55. c6 Nb6 56. c7+ Kc8 57. Kc6 1-0

[Event "DEN-chT 1920 58th"]
[Site "Denmark"]
[Date "2020.02.23"]
[Round "7.4"]
[White "Berkes, Ferenc"]
[Black "Glud, Jakob Vang"]
[Result "1-0"]
[WhiteElo "2647"]
[BlackElo "2550"]
[PlyCount "91"]
[EventDate "2019.11.23"]
[EventType "team-tourn"]
[EventRounds "9"]
[EventCountry "DEN"]
[SourceTitle "EXT 2021"]
[Source "ChessBase"]
[SourceDate "2020.10.23"]
[SourceVersion "1"]
[SourceVersionDate "2020.10.23"]
[SourceQuality "1"]
[WhiteTeam "Koge Xtracon"]
[BlackTeam "Aarhus/Skolerne"]
[WhiteTeamCountry "DEN"]
[BlackTeamCountry "DEN"]

1. Nf3 d5 2. g3 c6 3. Bg2 Bg4 4. O-O Nd7 5. h3 Bh5 6. d4 e6 7. c4 Ngf6 8. cxd5 cxd5 9. Nc3 Be7 10. Qb3 Bxf3 11. Bxf3 Qb6 12. e4 dxe4 13. Nxe4 Nd5 14. Nc3 Qxb3 15. axb3 N7b6 16. Nxd5 Nxd5 17. Bxd5 exd5 18. Ra5 O-O $146 ({RR} 18... a6 19. Rxd5 Rd8 20. Rxd8+ Kxd8 21. Bf4 Kd7 22. Rc1 Rc8 23. Rxc8 Kxc8 24. Kg2 Kd7 25. Kf3 Ke6 26. Ke4 f5+ 27. Kd3 Kd5 28. Be5 g6 29. Bf4 h5 30. f3 g5 31. Be5 g4 32. fxg4 fxg4 33. hxg4 {Yurasov,M (2178)-Ivanov,O (2423) Ershovo RUS 2024 ½-½ (73)}) 19. Rxd5 Rfd8 20. Rxd8+ Rxd8 21. Be3 f5 22. Rc1 Rd7 23. Kf1 g5 24. Ke2 f4 25. gxf4 gxf4 26. Bxf4 Rxd4 27. Be3 Rb4 28. Rc8+ Kf7 29. Rc7 Rb5 30. Bxa7 b6 31. Rb7 Rxb3 32. Rxb6 Rxh3 33. Rb7 Ke6 34. Be3 Rh1 35. b4 h5 36. b5 h4 37. Rb6+ Kf5 38. Rh6 Kg4 39. Re6 Bd8 40. Rg6+ Kf5 41. Rh6 Kg4 42. Rh8 Bf6 43. Rf8 Be7 44. Rf4+ Kh5 45. Rf7 Bd8 46. b6 1-0

[Event "ITA-ch 79th"]
[Site "Padova"]
[Date "2019.11.24"]
[Round "1"]
[White "David, Alberto"]
[Black "Moroni, Luca Jr"]
[Result "1-0"]
[WhiteElo "2542"]
[BlackElo "2541"]
[PlyCount "154"]
[EventDate "2019.11.24"]
[EventType "tourn"]
[EventRounds "11"]
[EventCountry "ITA"]
[EventCategory "9"]
[SourceTitle "CBM 193 Extra"]
[Source "ChessBase"]
[SourceDate "2020.01.31"]
[SourceVersion "1"]
[SourceVersionDate "2020.01.31"]
[SourceQuality "1"]

1. Nf3 d5 2. g3 Nf6 3. Bg2 c5 4. O-O Nc6 5. d3 g6 6. c4 Bg7 7. Nc3 d4 ({RR} 7... dxc4 8. dxc4 Be6 9. Qa4 O-O 10. Ng5 Bd7 11. Qb5 h6 12. Nge4 Nxe4 13. Bxe4 Na5 14. Qxc5 b6 15. Qd5 Rc8 16. Rd1 Be6 17. Qb5 Qe8 18. Qa6 Rxc4 19. Bd5 Bxd5 20. Nxd5 e6 21. Ne3 Ra4 22. Qd3 {Henriquez Villagra,C (2630)-Deac,B (2701) Douglas IOM 2023 0-1 (61)}) 8. Na4 Qd6 9. a3 Bd7 $146 ({RR} 9... O-O 10. Rb1 Nd7 11. b4 h6 12. bxc5 Nxc5 13. Nxc5 Qxc5 14. Ne1 Rb8 15. a4 Bg4 16. Nc2 Qh5 17. Re1 Qa5 18. Nb4 Nxb4 19. Bd2 Rfe8 20. Rxb4 Qc7 21. Qb3 b6 22. Qa2 Bf8 23. Rb2 Bd7 24. Reb1 {Behrensen,J-Maderna,C Buenos Aires 1955 ½-½ (80)}) ({RR} 9... O-O 10. Rb1 Rb8 11. b4 cxb4 12. c5 Qc7 13. axb4 a6 14. Nb6 Nd7 15. Nxc8 Rfxc8 16. e3 Rd8 17. exd4 Nxd4 18. Nxd4 Bxd4 19. Bf4 Be5 20. Be3 Nf8 21. Qb3 Qd7 22. d4 Bxd4 23. Bxd4 Qxd4 24. Rbd1 {Gritsenko,V (2230)-Rodin,D (2421) Voronezh 2008 0-1 (74)}) 10. b4 cxb4 11. axb4 Qxb4 12. Bf4 Nh5 13. Rb1 Qa5 14. Bd2 Qc7 15. Nc5 Bc8 16. Qa4 O-O 17. Rb3 Nf6 18. Rfb1 Nd7 19. Nxd7 Qxd7 20. Ng5 Qc7 21. Ne4 Nd8 22. Ba5 Qe5 23. Qa3 Nc6 24. Rb5 Qe6 25. Qa2 a6 26. Rb6 Qf5 27. Bd2 Be5 28. Qa3 Bc7 29. R6b2 b6 30. Rxb6 Bxb6 31. Rxb6 Bd7 32. Nc5 Rfc8 33. Be4 Qh3 34. Bg2 Qf5 35. Be4 Qh3 36. Nxd7 Qxd7 37. Qc5 Nd8 38. Qe5 f6 39. Qd5+ Qxd5 40. Bxd5+ Kf8 41. Bxa8 Rxa8 42. Bb4 Kf7 43. Kf1 h5 44. Ke1 g5 45. Kd1 a5 46. Ba3 e5 47. Kc2 a4 48. Kb2 g4 49. Bb4 Ne6 50. Rb7+ Kg6 51. Ka3 Ng5 52. Bd6 Kf5 53. Rb6 Ke6 54. Bb4+ Kf7 55. c5 Nh3 56. c6 Ng1 57. Rb7+ Ke6 58. Rd7 Nxe2 59. Rd6+ Kf5 60. c7 Rc8 61. Ba5 Nc3 62. Bxc3 Rxc7 63. Ba5 Rc2 64. Kxa4 Rxf2 65. Bd8 Kg6 66. Kb3 Kf7 67. Kc4 Rf3 68. Kd5 Rf2 69. Rd7+ Kg6 70. Ke6 Rf3 71. Rf7 Rxd3 72. Bxf6 Re3 73. Rg7+ Kh6 74. Rg8 Ra3 75. Bxe5 Ra2 76. Bxd4 Kh7 77. Kf7 Kh6 1-0

[Event "COL-chT 21st"]
[Site "Cartagena"]
[Date "2019.11.30"]
[Round "7.1"]
[White "Valderrama Quiceno, Esteban Alberto"]
[Black "Barrientos Chavarriaga, Sergio E"]
[Result "1-0"]
[WhiteElo "2560"]
[BlackElo "2539"]
[PlyCount "79"]
[EventDate "2019.11.30"]
[EventType "team-swiss"]
[EventRounds "9"]
[EventCountry "COL"]
[SourceTitle "CBM 195 Extra"]
[Source "ChessBase"]
[SourceDate "2020.05.31"]
[SourceVersion "1"]
[SourceVersionDate "2020.05.31"]
[SourceQuality "1"]
[WhiteTeam "Bolivar"]
[BlackTeam "Risaralda"]
[WhiteTeamCountry "COL"]
[BlackTeamCountry "COL"]

1. Nf3 Nf6 2. b3 d5 3. Bb2 Bf5 4. e3 Nbd7 5. Be2 h6 6. O-O e6 7. c4 Bd6 8. d4 ({RR} 8. cxd5 exd5 9. d3 O-O 10. Nbd2 Re8 11. Rc1 Bh7 12. Rc2 a5 13. a3 Nc5 14. Rc3 Ne6 15. Rc2 c5 16. Re1 b5 17. Qa1 c4 18. bxc4 dxc4 19. e4 cxd3 20. Bxd3 Bxh2+ 21. Kxh2 Qxd3 22. Rc3 Qd6+ {Vachier Lagrave,M (2778)-Grischuk,A (2777) Chess.com INT 2020 0-1 (41)}) ({RR} 8. h3 O-O 9. d3 a5 10. a3 Nc5 11. Nc3 dxc4 12. dxc4 Be7 13. Nd4 Bg6 14. b4 Na6 15. b5 Nc5 16. Na4 Nfd7 17. Nxc5 Nxc5 18. Rc1 a4 19. Bc3 e5 20. Nf3 f6 21. Bb4 Nb3 22. Qxd8 Bxd8 {Sukandar,I (2330)-Ashraf,A (2407) chess.com INT 2025 0-1 (57)}) 8... c6 9. Nc3 O-O 10. Bd3 Bg4 $146 ({RR} 10... Bxd3 11. Qxd3 Qe7 12. e4 dxc4 13. bxc4 e5 14. Rfe1 exd4 15. Nxd4 Ne5 16. Qe2 Bc5 17. Nf5 Qe6 18. Rad1 Qxc4 19. Qxc4 Nxc4 20. Ba1 Ng4 21. Re2 Rfd8 22. Rb1 Nxf2 23. Rxf2 Rd2 24. Rbf1 Rad8 25. Na4 {Liu,C (2280)-Tristan,L (2515) chess.com INT 2024 0-1 (36)}) ({RR} 10... Bxd3 11. Qxd3 Qe7 12. Rad1 Bb4 13. Ne5 Rfd8 14. Ne2 dxc4 15. Qxc4 Rac8 16. Ng3 a6 17. f4 c5 18. a3 Ba5 19. Nxd7 Nxd7 20. f5 b5 21. Qe2 c4 22. bxc4 bxc4 23. e4 c3 24. Bc1 c2 25. Rd3 {Velikanov,A (2355)-Vigorito,D (2415) Charlotte 2016 1-0 (45)}) 11. h3 Bh5 12. e4 dxe4 13. Nxe4 Nxe4 14. Bxe4 Nf6 15. Bc2 Qa5 16. a3 Rad8 17. b4 Qc7 18. Qe2 b5 19. c5 Be7 20. g4 Bg6 21. Bxg6 fxg6 22. Qxe6+ Kh7 23. Ne5 Rc8 24. Rae1 Bd8 25. f4 Re8 26. Qb3 Nd5 27. Qd3 Bh4 28. Qxg6+ Kg8 29. Re2 Rf8 30. Qe6+ Kh7 31. Qg6+ Kg8 32. Bc1 Rf6 33. Qd3 Rcf8 34. Ng6 Rxg6 35. Qxg6 Nf6 36. Qf5 Qd8 37. Bb2 Nd5 38. Qe6+ Kh8 39. Qxc6 Nxf4 40. Rxf4 1-0